000 00305nam a2200145Ia 4500
100 _aShaikh/I.A.
942 _cBK
654 _aScience I
245 _aApplied Science I / Applied Physics I
260 _bNandu Pub
_c2002
082 _a530
_bSHA
300 _a200
546 _aENGLISH
999 _c32984
_d32984